000
00267nam a22001097a 4500
008
170110b xxu||||| |||| 00| 0 eng d
020
_a
9780766859937
041
_a
eng
080
_2
2ND
_a
LUXNER, K.L
245
_a
DELMAR'S MATERNAL INFANT
_c
LUXNER, K.L
942
_2
udc
_c
BK
999
_c
2662
_d
2662